000 01261cam a22002774a 4500
999 _c2073
_d2073
003 OSt
005 20220221100533.0
008 051102s2006 paua b 001 0 eng
020 _a1591407508
020 _a1591407516 (pbk.)
020 _a1591407524 (ebook)
020 _a9781591407508
040 _aDLC
_cKABLIB
_dKABLIB
082 0 0 _a418.002
_223
_bZAP
100 _aZaphiris, Panayiotis.
_95676
245 0 0 _aUser-Centered Computer Aided Language Learning /
_cPanayiotis Zaphiris, Giorgos Zacharia.
260 _aHershey :
_bInformation Science Pub.,
_cc2006.
300 _ax, 335 p. :
_bill. ;
_c25 cm.
500 _aIncludes index.
504 _aIncludes bibliographical references.
520 _a"This book discusses the basis of a broad framework for the development and management of Computer Aided Language Learning (CALL) environments, covering domains as diverse as education, information systems, psychology, sociology, linguistics, artificial intelligence and e-learning"--Provided by publisher.
650 0 _aLanguage and languages
_xComputer-assisted instruction.
_95677
700 1 _aZacharia, Giorgos.
_eJoint Author.
_95678
856 4 1 _3Table of contents only
_uhttp://www.loc.gov/catdir/toc/ecip063/2005032113.html
942 _2ddc
_cBOOK